SMALL BUSINESS MANAGEMENT AN ENTREPRENEUR'S GUIDEBOOK / (Record no. 616564)

000 -LEADER
fixed length control field 00396nam a22001457a 4500
020 ## - INTERNATIONAL STANDARD BOOK NUMBER
Qualifying information PB.
040 ## - CATALOGING SOURCE
Transcribing agency FIZZA ISHAQ
082 ## - DEWEY DECIMAL CLASSIFICATION NUMBER
Classification number 658.022
Author Mark BYR
100 ## - MAIN ENTRY--PERSONAL NAME
Personal name MEGGINSON,BYRD.
9 (RLIN) 133609
245 ## - TITLE STATEMENT
Title SMALL BUSINESS MANAGEMENT AN ENTREPRENEUR'S GUIDEBOOK /
Statement of responsibility, etc. BYRD MEGGINSON.
250 ## - EDITION STATEMENT
Edition statement 6TH ED.
260 ## - PUBLICATION, DISTRIBUTION, ETC.
Place of publication, distribution, etc. NEW YORK ;
Name of publisher, distributor, etc. MC GRAW HILL,
Date of publication, distribution, etc. 2009.
300 ## - PHYSICAL DESCRIPTION
Extent 522 P. ;
Dimensions 9.9X7.9IN
942 ## - ADDED ENTRY ELEMENTS (KOHA)
Source of classification or shelving scheme
Koha item type Book
Holdings
Withdrawn status Lost status Source of classification or shelving scheme Damaged status Not for loan Permanent Location Current Location Shelving location Date acquired Total Checkouts Full call number Barcode Date last seen Price effective from Koha item type
          NUST Baluchistan Campus (NBC) NUST Baluchistan Campus (NBC) Text Books 03/09/2026   658.022 BYR QD-216 03/09/2026 03/09/2026 Book
© 2023 Central Library, National University of Sciences and Technology. All Rights Reserved.